Minh Mệnh chính yếu

Gồm 16 quyển, 22 thiên. Nội dung trích những văn kiện, ghi những việc làm thiết yếu dưới triều Minh Mệnh.

שמור ב:
מידע ביבליוגרפי
פורמט: ספר
שפה:Undetermined
יצא לאור: Huế Thuận Hóa 1994
נושאים:
תגים: הוספת תג
אין תגיות, היה/י הראשונ/ה לתייג את הרשומה!
Thư viện lưu trữ: Trung tâm Học liệu Trường Đại học Cần Thơ
LEADER 00674nam a2200193Ia 4500
001 CTU_28593
008 210402s9999 xx 000 0 und d
020 |b .000đ 
082 |a 959.7012 
082 |b M312/T.1 
245 0 |a Minh Mệnh chính yếu 
260 |a Huế 
260 |b Thuận Hóa 
260 |c 1994 
520 |a Gồm 16 quyển, 22 thiên. Nội dung trích những văn kiện, ghi những việc làm thiết yếu dưới triều Minh Mệnh. 
650 |a Vietnam 
650 |x History 
904 |i Nguyễn Quang Điền, Q. Hiếu (sửa) 
980 |a Trung tâm Học liệu Trường Đại học Cần Thơ